Butchers copy editing (Record no. 157287)
[ view plain ]
| 000 -LEADER | |
|---|---|
| fixed length control field | 00792nam a2200253Ia 4500 |
| 003 - CONTROL NUMBER IDENTIFIER | |
| control field | OSt |
| 005 - DATE AND TIME OF LATEST TRANSACTION | |
| control field | 20250715184121.0 |
| 008 - FIXED-LENGTH DATA ELEMENTS--GENERAL INFORMATION | |
| fixed length control field | 210423s2006 xx 000 0 und d |
| 020 ## - INTERNATIONAL STANDARD BOOK NUMBER | |
| International Standard Book Number | 9780521719148 |
| 040 ## - CATALOGING SOURCE | |
| Transcribing agency | AL |
| 041 ## - LANGUAGE CODE | |
| Language code of text/sound track or separate title | English |
| 082 ## - DEWEY DECIMAL CLASSIFICATION NUMBER | |
| Classification number | 070.41 |
| Item number | BUTB |
| 100 ## - MAIN ENTRY--PERSONAL NAME | |
| Personal name | Judith Butcher |
| 9 (RLIN) | 87248 |
| 245 ## - TITLE STATEMENT | |
| Title | Butchers copy editing |
| Remainder of title | : Cambridge handbook for editor copy editors and proofreaders |
| 260 ## - PUBLICATION, DISTRIBUTION, ETC. | |
| Place of publication, distribution, etc. | New Delhi |
| Name of publisher, distributor, etc. | Cambridge University Press |
| Date of publication, distribution, etc. | 2006 |
| 300 ## - PHYSICAL DESCRIPTION | |
| Extent | xiv,543p. |
| Other physical details | PB |
| Dimensions | 23x15.5cm. |
| 365 ## - TRADE PRICE | |
| Price amount | 495 |
| Currency code | INR |
| 650 ## - SUBJECT ADDED ENTRY--TOPICAL TERM | |
| Topical term or geographic name entry element | Editing |
| 9 (RLIN) | 87249 |
| 650 ## - SUBJECT ADDED ENTRY--TOPICAL TERM | |
| Topical term or geographic name entry element | Journalism |
| 9 (RLIN) | 87250 |
| 700 ## - ADDED ENTRY--PERSONAL NAME | |
| Personal name | Drake, Caroline |
| 9 (RLIN) | 218858 |
| 700 ## - ADDED ENTRY--PERSONAL NAME | |
| Personal name | Leach, Maureen |
| 9 (RLIN) | 218859 |
| 906 ## - LOCAL DATA ELEMENT F, LDF (RLIN) | |
| a | Butchers ; Cambridge ; copy ; editing: ; editor ; editors ; handbook ; proofreaders |
| 942 ## - ADDED ENTRY ELEMENTS (KOHA) | |
| Source of classification or shelving scheme | Dewey Decimal Classification |
| Koha item type | Book |
| Withdrawn status | Lost status | Source of classification or shelving scheme | Damaged status | Not for loan | Collection code | Home library | Current library | Date acquired | Source of acquisition | Cost, normal purchase price | Total Checkouts | Full call number | Barcode | Date last seen | Price effective from | Koha item type |
|---|---|---|---|---|---|---|---|---|---|---|---|---|---|---|---|---|
| Dewey Decimal Classification | MAJMC | St Aloysius PG Library | St Aloysius PG Library | 10/08/2009 | Athulya Books | 495.00 | 070.41 BUTB | PG003763 | 08/24/2022 | 04/26/2021 | Book |